| 000 | 00501nam a22001817a 4500 | ||
|---|---|---|---|
| 005 | 20230106102436.0 | ||
| 008 | 230106b |||||||| |||| 00| 0 eng d | ||
| 020 | _a9781444190137 | ||
| 040 |
_aKMU _cKMU |
||
| 050 | _aBD 21 Kay 2013 | ||
| 100 | _aKaye , Sharon | ||
| 245 |
_aPhilosophy : _bAn introduction / _cby Sharon Kaye. |
||
| 260 |
_aLondon ; _bHodder & Stoughton , _c2013 . |
||
| 300 |
_axv ,225 pages ; _c19 cm. |
||
| 500 | _aIncludes an index | ||
| 650 |
_2Oclc _aPhilosophy |
||
| 942 |
_2lcc _cBK _n0 |
||
| 999 |
_c75 _d75 |
||